[Event "GER-chB Seniors 27th"]
[Site "Magdeburg"]
[Date "2015.08.17"]
[Round "3"]
[White "Kotlenga, Dietmar"]
[Black "Puetz, Peter"]
[Result "0-1"]
[WhiteElo "1426"]
[BlackElo "1665"]
[PlyCount "112"]
[EventDate "2015.08.15"]
[EventType "swiss"]
[EventRounds "9"]
[EventCountry "GER"]
[SourceTitle "EXT 2018"]
[Source "ChessBase"]
[SourceDate "2017.10.13"]
[SourceVersion "1"]
[SourceVersionDate "2017.10.13"]
[SourceQuality "1"]

1. Nf3 Nf6 2. c4 e6 3. g3 Be7 4. Bg2 c6 5. b3 0-0 6. Bb2 d5 7. cxd5 cxd5 8. 0-0 Nc6 9. d3 b6 10. Nbd2 Bb7 11. a3 Rc8 12. b4 Nd7 13. e3 Bf6 14. Bxf6 Qxf6 15. e4 d4 16. Nc4 e5 17. Rb1 b5 18. Ncd2 Nb6 19. Nb3 Na4 20. Qd2 Rc7 21. Rbc1 Nc3 22. Nc5 Bc8 23. Rc2 Bg4 24. Qg5 Qxg5 25. Nxg5 a5 26. f3 Bc8 27. bxa5 Nxa5 28. a4 Rxc5 29. axb5 Rxb5 30. f4 f6 31. Nf3 Bg4 32. fxe5 Bxf3 33. Rxf3 fxe5 34. Rxf8+ Kxf8 35. Bh3 Rb1+ 36. Kg2 Ke7 37. Bg4 Nc6 38. Rf2 Nb4 39. Rd2 g6 40. h4 h5 41. Bf3 Kf6 42. Kh2 g5 43. Bxh5 gxh4 44. gxh4 Ra1 45. Rf2+ Kg7 46. Rf3 Ra3 47. Bf7 Nxe4 48. Bc4 Nc5 49. Rf7+ Kg6 50. Rf8 Nbxd3 51. Rg8+ Kh5 52. Rh8+ Kg6 53. h5+ Kg7 54. Rg8+ Kh6 55. Bf7 Ra7 56. Rh8+ Kg7 0-1

[Event "GER-chB Seniors 26th"]
[Site "Bad Neuenahr"]
[Date "2014.08.09"]
[Round "5"]
[White "Puetz, Peter"]
[Black "Klose, Hans Peter"]
[Result "1-0"]
[WhiteElo "1694"]
[BlackElo "1674"]
[PlyCount "77"]
[EventDate "2014.08.05"]
[EventType "swiss"]
[EventRounds "9"]
[EventCountry "GER"]
[SourceTitle "EXT 2018"]
[Source "ChessBase"]
[SourceDate "2017.10.13"]
[SourceVersion "1"]
[SourceVersionDate "2017.10.13"]
[SourceQuality "1"]

1. c4 Nf6 2. Nc3 g6 3. g3 Bg7 4. Bg2 0-0 5. Nf3 d6 6. 0-0 a5 7. d4 Na6 8. a3 Rb8 9. e4 b6 10. Re1 c5 11. d5 Nc7 12. h3 Nd7 13. a4 Ne5 14. Nxe5 Bxe5 15. Bh6 Bg7 16. Bxg7 Kxg7 17. e5 dxe5 18. Rxe5 f6 19. Re1 Ne8 20. Qe2 Nd6 21. b3 Re8 22. g4 Bd7 23. Qd2 e6 24. dxe6 Bxe6 25. Rad1 Nf7 26. Qc1 Qc8 27. Nb5 Bd7 28. Rxe8 Bxe8 29. Nd6 Nxd6 30. Rxd6 Bf7 31. Qc3 Qf8 32. Qxf6+ Kg8 33. Rxb6 Rd8 34. Qc3 Rd1+ 35. Kh2 Rd6 36. Qxa5 Rxb6 37. Qxb6 Qe7 38. Qb8+ Kg7 39. Qf4 1-0

[Event "GER-chB Seniors 26th"]
[Site "Bad Neuenahr"]
[Date "2014.08.08"]
[Round "4"]
[White "Wraga, Hermann"]
[Black "Puetz, Peter"]
[Result "1/2-1/2"]
[WhiteElo "1609"]
[BlackElo "1694"]
[PlyCount "41"]
[EventDate "2014.08.05"]
[EventType "swiss"]
[EventRounds "9"]
[EventCountry "GER"]
[SourceTitle "EXT 2018"]
[Source "ChessBase"]
[SourceDate "2017.10.13"]
[SourceVersion "1"]
[SourceVersionDate "2017.10.13"]
[SourceQuality "1"]

1. e4 c5 2. d3 e6 3. g3 d5 4. Nd2 d4 5. Ngf3 Nc6 6. e5 Qc7 7. Qe2 Nb4 8. Qd1 Ne7 9. c3 Nbc6 10. Qe2 Ng6 11. Bg2 Ncxe5 12. 0-0 dxc3 13. bxc3 Rb8 14. h4 b6 15. Re1 Bd6 16. h5 Nxf3+ 17. Nxf3 Ne7 18. Bb2 c4 19. dxc4 Bc5 20. Nd4 a6 21. Rad1 1/2-1/2

[Event "GER-chB Seniors 26th"]
[Site "Bad Neuenahr"]
[Date "2014.08.06"]
[Round "2"]
[White "Maczollek, Helmut"]
[Black "Puetz, Peter"]
[Result "1/2-1/2"]
[WhiteElo "1592"]
[BlackElo "1694"]
[PlyCount "41"]
[EventDate "2014.08.05"]
[EventType "swiss"]
[EventRounds "9"]
[EventCountry "GER"]
[SourceTitle "EXT 2018"]
[Source "ChessBase"]
[SourceDate "2017.10.13"]
[SourceVersion "1"]
[SourceVersionDate "2017.10.13"]
[SourceQuality "1"]

1. d4 Nf6 2. Nf3 e6 3. e3 b6 4. Bd3 Bb7 5. Nbd2 Be7 6. 0-0 0-0 7. e4 d6 8. Re1 c5 9. c3 Nbd7 10. Bc2 Rc8 11. e5 Ne8 12. Ne4 cxd4 13. Qxd4 dxe5 14. Nxe5 Nxe5 15. Qxe5 Bxe4 16. Qxe4 Nf6 17. Qf3 Qd5 18. Qe2 h6 19. Bb3 Qh5 20. h3 Qxe2 21. Rxe2 1/2-1/2

[Event "Bad Godesberg op 16th"]
[Site "Bad Godesberg"]
[Date "2012.07.10"]
[Round "4"]
[White "Puetz, Peter"]
[Black "Boysen, Christopher"]
[Result "1/2-1/2"]
[WhiteElo "1683"]
[BlackElo "1851"]
[PlyCount "43"]
[EventDate "2012.07.07"]
[EventType "swiss"]
[EventRounds "9"]
[EventCountry "GER"]
[SourceTitle "CBM 149 Extra"]
[Source "ChessBase"]
[SourceDate "2012.08.24"]
[SourceVersion "1"]
[SourceVersionDate "2012.08.24"]
[SourceQuality "1"]

1. c4 Nf6 2. Nc3 g6 3. g3 Bg7 4. Bg2 d6 5. Nf3 c6 6. 0-0 Nbd7 7. e4 0-0 8. d4 Rb8 9. a4 Nb6 10. b3 c5 11. Qd3 cxd4 12. Nxd4 Nbd7 13. Bb2 Nc5 14. Qc2 Qb6 15. Ba3 Nfxe4 16. Nxe4 Nxe4 17. Bxe4 Qxd4 18. Rab1 Qb6 19. c5 dxc5 20. Bxc5 Qc7 21. Bxa7 Qxc2 22. Bxc2 1/2-1/2

[Event "Bad Godesberg op 15th"]
[Site "Bad Godesberg"]
[Date "2011.07.31"]
[Round "9"]
[White "Poell, Guenter"]
[Black "Puetz, Peter"]
[Result "1-0"]
[WhiteElo "1681"]
[BlackElo "1559"]
[PlyCount "66"]
[EventDate "2011.07.23"]
[EventType "swiss"]
[EventRounds "9"]
[EventCountry "GER"]
[SourceTitle "EXT 2017"]
[Source "ChessBase"]
[SourceDate "2016.10.25"]
[SourceVersion "1"]
[SourceVersionDate "2016.10.25"]
[SourceQuality "1"]

1. f4 c5 2. e3 e6 3. Nf3 Nf6 4. Be2 d5 5. Bb5+ Bd7 6. Bxd7+ Nbxd7 7. b3 Be7 8. Bb2 0-0 9. 0-0 Rc8 10. Ne5 b5 11. a4 b4 12. d3 a5 13. Nd2 Nb6 14. Ndf3 Nfd7 15. Qe2 f5 16. Rad1 Nxe5 17. Bxe5 Bf6 18. Bxf6 Qxf6 19. Ne5 Qd8 20. g4 d4 21. e4 fxe4 22. dxe4 Nd7 23. Nc4 Qc7 24. e5 Nb8 25. Nd6 Rcd8 26. Rd3 Nc6 27. Rh3 Ne7 28. Qe4 g6 29. f5 exf5 30. gxf5 Nxf5 31. Nxf5 gxf5 32. Rxf5 Rxf5 33. Qxf5 Rf8 1-0

[Event "Bad Godesberg op 15th"]
[Site "Bad Godesberg"]
[Date "2011.07.29"]
[Round "7"]
[White "Neumann, Peter5555"]
[Black "Puetz, Peter"]
[Result "0-1"]
[WhiteElo "1367"]
[BlackElo "1559"]
[PlyCount "34"]
[EventDate "2011.07.23"]
[EventType "swiss"]
[EventRounds "9"]
[EventCountry "GER"]
[SourceTitle "EXT 2017"]
[Source "ChessBase"]
[SourceDate "2016.10.25"]
[SourceVersion "1"]
[SourceVersionDate "2016.10.25"]
[SourceQuality "1"]

1. e4 c5 2. Nf3 e6 3. d4 cxd4 4. Nxd4 Qb6 5. Nb5 d6 6. Be3 Qd8 7. Nxa7 Rxa7 8. Bxa7 Qa5+ 9. Nc3 Qxa7 10. Bb5+ Bd7 11. a4 Qc5 12. 0-0 Be7 13. Qf3 Nc6 14. a5 Nf6 15. a6 bxa6 16. Rxa6 0-0 17. Qd1 Nb8 0-1

[Event "Bad Godesberg op 15th"]
[Site "Bad Godesberg"]
[Date "2011.07.24"]
[Round "2"]
[White "Puetz, Peter"]
[Black "Pislaru, Adrian Maximilian"]
[Result "1-0"]
[WhiteElo "1559"]
[BlackElo "881"]
[PlyCount "137"]
[EventDate "2011.07.23"]
[EventType "swiss"]
[EventRounds "9"]
[EventCountry "GER"]
[SourceTitle "EXT 2017"]
[Source "ChessBase"]
[SourceDate "2016.10.25"]
[SourceVersion "1"]
[SourceVersionDate "2016.10.25"]
[SourceQuality "1"]

1. c4 Nf6 2. Nc3 g6 3. Nf3 Bg7 4. e3 0-0 5. Be2 d6 6. d4 Nbd7 7. 0-0 Re8 8. e4 e5 9. d5 c5 10. h3 Nb6 11. Bd2 Bd7 12. a4 a5 13. Nb5 Bxb5 14. axb5 a4 15. Qc2 Qc7 16. Bd3 Rac8 17. Ba5 Ra8 18. Bxb6 Qxb6 19. Rxa4 Rxa4 20. Qxa4 Nd7 21. Ra1 Qd8 22. Qd1 Nb6 23. Ra7 Qb8 24. Qa1 Kf8 25. Ra2 Rc8 26. Qd1 Bh6 27. Nh2 Nd7 28. Be2 Kg7 29. Ng4 Re8 30. Nxh6 Kxh6 31. Qd2+ Kg7 32. Bd3 Nf6 33. g4 h6 34. Ra1 b6 35. b3 g5 36. f3 Re7 37. Ra6 Rb7 38. Qe1 Qe8 39. Kg2 Kg6 40. h4 Qh8 41. Qh1 Qh7 42. h5+ Kg7 43. Ra8 Nd7 44. Qa1 Rb8 45. Rxb8 Nxb8 46. Qa7 Qg8 47. Qxb6 Qf8 48. Qc7 Kh8 49. b6 Na6 50. Qa7 Nb8 51. b7 Kg7 52. Qb6 Qe7 53. b4 cxb4 54. Qxb4 f6 55. Qb6 Kh8 56. Bc2 Kg7 57. Ba4 Kg8 58. Bc6 Kg7 59. Kf2 Kf8 60. Ke2 Kf7 61. Kd3 Kg8 62. Kc3 Kf7 63. Kb4 Kf8 64. c5 Kg7 65. cxd6 Qxd6+ 66. Qc5 Qd8 67. Kb5 Kh8 68. d6 Kg7 69. Bd5 1-0